Konkurenceschopnost, inovace a klastry v regionálním rozvoji

Uložené v:
Podrobná bibliografia
Hlavný autor: Skokan, Karel
Médium: Kniha
Jazyk:Czech
Vydavateľské údaje: Ostrava Repronis 2004
Predmet:
Tagy: Pridať tag
Žiadne tagy, Buďte prvý, kto otaguje tento záznam!

MARC

LEADER 00000nam$a2200000$$$4500
001 0033151
005 20240306141446.5
020 |a 80-7329-059-6 
041 0 |a cze 
044 |a CZ 
245 1 0 |a Konkurenceschopnost, inovace a klastry v regionálním rozvoji  |c Karel Skokan 
264 1 |a Ostrava  |b Repronis  |c 2004 
300 |a 159 s. 
610 2 0 |a politika regionálna 
610 2 0 |a regióny 
610 2 0 |a rozvoj regionálny 
610 2 0 |a ekonomika regionálna 
610 2 0 |a hospodárstvo regionálne 
610 2 0 |a modelovanie 
610 2 0 |a konkurencieschopnosť 
610 2 0 |a inovácia 
610 2 0 |a riadenie regionálne 
610 2 0 |a riadenie strategické 
610 2 0 |a klaster 
100 1 |a Skokan, Karel